Normal view
MARC view
Entry Topical Term
001 - CONTROL NUMBER
- control field: 261181
003 - CONTROL NUMBER IDENTIFIER
- control field: OSt
005 - DATE AND TIME OF LATEST TRANSACTION
- control field: 20260409151502.0
008 - FIXED-LENGTH DATA ELEMENTS
- fixed length control field: 260409|| aca||aabn | a|a d
040 ## - CATALOGING SOURCE
- Original cataloging agency: OSt
- Transcribing agency: OSt
150 ## - HEADING--TOPICAL TERM
- Topical term or geographic name entry element: Includes 8085 microprocessor,8086 microprocessor
670 ## - SOURCE DATA FOUND
- Source citation: Work cat.: (OSt)241203: A Nagoor Kani 261180, Microprocessors and microcontrollers, 2023